[Event "NB2 Toth Laszlo csoport"]
[Site "Kecskemet"]
[Date "2024.12.15"]
[Round "4.4"]
[White "Donko, Matyas"]
[Black "Visnyei, Illes"]
[Result "0-1"]
[WhiteElo "1909"]
[BlackElo "1995"]
[PlyCount "166"]
[GameId "2123405108279203"]
[EventDate "2024.11.03"]
[EventType "team-tourn"]
[EventRounds "9"]
[EventCountry "HUN"]
[Source "chess.hu"]
[WhiteTeam "TAKISZ SE"]
[BlackTeam "Bekesi TE"]
[WhiteTeamCountry "HUN"]
[BlackTeamCountry "HUN"]

1. e4 c5 2. Nf3 d6 3. d4 cxd4 4. Nxd4 a6 5. Nc3 Nc6 6. Be3 Bd7 7. Qd2 Nf6 8. f3 g6 9. O-O-O Qc7 10. Kb1 Bg7 11. g4 Ne5 12. g5 Ng8 13. Nd5 Qd8 14. Nb3 Nxf3 15. Qf2 Ne5 16. Bb6 Qc8 17. Nc7+ Kf8 18. Nxa8 Qxa8 19. Be2 Qc8 20. Rhf1 h6 21. h4 Bh3 22. Rg1 Ke8 23. Rg3 Bd7 24. Rf1 f5 25. Rc3 Nc6 26. Bd4 e5 27. Bb6 f4 28. Rd1 Bf8 29. Nd2 Be6 30. Nc4 Qb8 31. Na5 Nge7 32. Bc4 Bg4 33. Be2 h5 34. Bf3 Nxa5 35. Bxa5 Nc6 36. Bb6 Rh7 37. Qg2 Qc8 38. Qe2 Qe6 39. a3 Rd7 40. Rd5 Be7 41. Qf2 Bd8 42. Bg2 Qe7 43. Rd2 Kf7 44. Bf1 Bxb6 45. Qxb6 Nd8 46. Rcd3 Nc6 47. c3 Be6 48. Rd1 Kg7 49. R3d2 Bg4 50. Re1 Nd8 51. Bc4 Be6 52. Bxe6 Qxe6 53. Rc1 Nf7 54. b3 Qh3 55. Qf2 Qe6 56. Kb2 Nd8 57. Rcd1 Nf7 58. Rd5 Qh3 59. R1d3 Qh1 60. Rf3 Nd8 61. Rd2 Ne6 62. Re2 Nc5 63. Qg2 Qxh4 64. b4 Ne6 65. Qg1 Nxg5 66. Rd3 Nf7 67. Rh2 Qg4 68. Rg2 Qe6 69. Qd1 Kf8 70. Qg1 Nh8 71. Qf2 Rg7 72. Qh4 Nf7 73. Rgd2 Rh7 74. Rc2 g5 75. Qf2 g4 76. c4 g3 77. Qf3 h4 78. c5 Ng5 79. Qd1 Nxe4 80. cxd6 Nf6 81. Rc8+ Qxc8 82. d7 Rxd7 83. Qd2 Qd8 0-1

[Event "NB2 Toth Laszlo csoport"]
[Site "Kecskemet"]
[Date "2024.12.15"]
[Round "4.5"]
[White "Somogyi, Gabor"]
[Black "Keresztes, Zoltan"]
[Result "1/2-1/2"]
[WhiteElo "1918"]
[BlackElo "1917"]
[PlyCount "23"]
[GameId "2123405145446323"]
[EventDate "2024.11.03"]
[EventType "team-tourn"]
[EventRounds "9"]
[EventCountry "HUN"]
[Source "chess.hu"]
[WhiteTeam "Bekesi TE"]
[BlackTeam "TAKISZ SE"]
[WhiteTeamCountry "HUN"]
[BlackTeamCountry "HUN"]

1. d4 d5 2. Bf4 Nf6 3. e3 Bf5 4. Bd3 Bg6 5. Nf3 e6 6. O-O Bd6 7. Bg3 O-O 8. Nbd2 c5 9. Bxg6 hxg6 10. c3 Nc6 11. Ne5 cxd4 12. Nxc6 1/2-1/2

[Event "NB2 Toth Laszlo csoport"]
[Site "Kecskemet"]
[Date "2024.12.15"]
[Round "4.6"]
[White "Marton, Attila"]
[Black "Takacs, Lajos"]
[Result "1-0"]
[WhiteElo "1890"]
[BlackElo "1967"]
[PlyCount "107"]
[GameId "2123405183424451"]
[EventDate "2024.11.03"]
[EventType "team-tourn"]
[EventRounds "9"]
[EventCountry "HUN"]
[Source "chess.hu"]
[WhiteTeam "TAKISZ SE"]
[BlackTeam "Bekesi TE"]
[WhiteTeamCountry "HUN"]
[BlackTeamCountry "HUN"]

1. c4 e5 2. Nc3 Nc6 3. g3 d6 4. Bg2 Be6 5. d3 g6 6. Nf3 h6 7. Rb1 Qd7 8. h4 Bg7 9. Bd2 Nf6 10. b4 O-O 11. b5 Nd8 12. Qc1 Kh7 13. Ne4 Nh5 14. Bc3 f5 15. Ned2 c6 16. a4 Nf7 17. Qb2 Rae8 18. bxc6 bxc6 19. Qb7 Re7 20. Qxd7 Rxd7 21. O-O Re8 22. Nxe5 Bxe5 23. Bxe5 Nxe5 24. f4 Nxg3 25. Rfe1 Ng4 26. Bxc6 Ree7 27. Bxd7 Bxd7 28. e4 Bc6 29. exf5 Ne2+ 30. Kf1 Ng3+ 31. Kg1 Rf7 32. fxg6+ Kxg6 33. Re6+ Kh5 34. Rxd6 Bb7 35. c5 Ne2+ 36. Kf1 Nxf4 37. c6 Ba6 38. Kg1 Ne2+ 39. Kh1 Ng3+ 40. Kg2 Nf5 41. Rd7 Nfe3+ 42. Kg3 Rf2 43. Nf3 Rc2 44. Nd4 Rf2 45. Rxa7 Bxd3 46. Ra5+ Kg6 47. c7 Rg2+ 48. Kf4 Rf2+ 49. Nf3 Rc2 50. Rb6+ Kg7 51. Rb7 Rc4+ 52. Kg3 Nf1+ 53. Kh3 Nf2+ 54. Kg2 1-0

[Event "NB2 Toth Laszlo csoport"]
[Site "Kecskemet"]
[Date "2024.12.15"]
[Round "4.7"]
[White "Nagy, Gabor Dr."]
[Black "Kovacs, Laszlo"]
[Result "0-1"]
[WhiteElo "1879"]
[BlackElo "1918"]
[PlyCount "129"]
[GameId "2123405223811027"]
[EventDate "2024.11.03"]
[EventType "team-tourn"]
[EventRounds "9"]
[EventCountry "HUN"]
[Source "chess.hu"]
[WhiteTeam "Bekesi TE"]
[BlackTeam "TAKISZ SE"]
[WhiteTeamCountry "HUN"]
[BlackTeamCountry "HUN"]

1. e4 c5 2. Nf3 d6 3. Bc4 e6 4. O-O Nc6 5. Re1 Nf6 6. Bf1 Be7 7. c3 O-O 8. d4 cxd4 9. cxd4 Qc7 10. Nc3 a6 11. d5 Ne5 12. Nd4 exd5 13. exd5 Re8 14. h3 Qc5 15. Nb3 Qc7 16. a4 Bf5 17. g4 Nexg4 18. hxg4 Bxg4 19. Qd4 Bf5 20. Qf4 Bg6 21. Be3 Nh5 22. Qf3 Nf6 23. Rac1 Bh5 24. Qg3 Qd8 25. Bd4 Bg6 26. a5 Nh5 27. Qf3 Bh4 28. Rxe8+ Qxe8 29. Qg4 Qe7 30. Bg2 f5 31. Qf3 Re8 32. Be3 f4 33. Bb6 Qe5 34. Nd4 Nf6 35. Ne6 Bf5 36. Qxf4 Qxf4 37. Nxf4 Bg5 38. Nce2 Bg4 39. f3 Bf5 40. Rc7 Nxd5 41. Nxd5 Rxe2 42. Kh2 Kf8 43. Bd4 Bh6 44. Bc3 Be6 45. Nb4 Bf4+ 46. Kh1 d5 47. Bf1 Rh2+ 48. Kg1 Bxc7 49. Nd3 Rh5 50. Nc5 Bc8 51. Bd3 Rg5+ 52. Kf2 h5 53. Bd2 Bg3+ 54. Kf1 Bh3+ 55. Ke2 Re5+ 56. Kd1 Re7 57. Bg5 Rc7 58. b4 Bd6 59. Bd2 Kf7 60. Nxa6 bxa6 61. Bxa6 Bc8 62. Be2 h4 63. f4 h3 64. b5 h2 65. Bf3 0-1

[Event "NB2 Toth Laszlo csoport"]
[Site "Kecskemet"]
[Date "2024.12.15"]
[Round "4.8"]
[White "Gomori, Mihaly"]
[Black "Gosztolya, Ferenc Dr."]
[Result "0-1"]
[WhiteElo "1858"]
[BlackElo "1954"]
[PlyCount "104"]
[GameId "2123405260773347"]
[EventDate "2024.11.03"]
[EventType "team-tourn"]
[EventRounds "9"]
[EventCountry "HUN"]
[Source "chess.hu"]
[WhiteTeam "TAKISZ SE"]
[BlackTeam "Bekesi TE"]
[WhiteTeamCountry "HUN"]
[BlackTeamCountry "HUN"]

1. e4 c5 2. Nf3 Nc6 3. d4 cxd4 4. Nxd4 g6 5. Be3 Bg7 6. c3 Nf6 7. Bd3 d5 8. Nd2 O-O 9. O-O Ne5 10. Qe2 Nxd3 11. Qxd3 e5 12. N4f3 dxe4 13. Qxd8 Rxd8 14. Nxe5 Nd5 15. Bd4 f5 16. Ndc4 Be6 17. Na5 b6 18. Nb3 Rac8 19. Rfe1 Nf4 20. g3 Bxe5 21. Bxe5 Nd3 22. Nd4 Bf7 23. Bf6 Rd6 24. Bg5 Nxb2 25. Reb1 Na4 26. Nb5 Rd7 27. Rd1 Rxd1+ 28. Rxd1 Nxc3 29. Nxc3 Rxc3 30. Rd8+ Kg7 31. Be3 Rd3 32. Rc8 Rd7 33. a3 Bb3 34. Rc1 Bd1 35. Bf4 Kf6 36. h4 Ke6 37. Kf1 Bf3 38. Ke1 Rd3 39. Ra1 Kd5 40. Bd2 Kd4 41. a4 Rb3 42. Rc1 Kd3 43. a5 b5 44. Rc7 a6 45. Rc6 Rb1+ 46. Rc1 Rxc1+ 47. Bxc1 b4 48. Bg5 Kc2 49. Bf6 b3 50. Ba1 b2 51. Bxb2 Kxb2 52. Kd2 Kb3 0-1

[Event "NB2 Toth Laszlo csoport"]
[Site "Kecskemet"]
[Date "2024.12.15"]
[Round "4.9"]
[White "Jozaf, Csaba"]
[Black "Botta, Tibor Dr."]
[Result "1/2-1/2"]
[WhiteElo "1923"]
[BlackElo "1847"]
[PlyCount "23"]
[GameId "2123405298333683"]
[EventDate "2024.11.03"]
[EventType "team-tourn"]
[EventRounds "9"]
[EventCountry "HUN"]
[Source "chess.hu"]
[WhiteTeam "Bekesi TE"]
[BlackTeam "TAKISZ SE"]
[WhiteTeamCountry "HUN"]
[BlackTeamCountry "HUN"]

1. Nf3 d5 2. c4 e6 3. d4 Nf6 4. Nc3 c6 5. Qc2 Bb4 6. a3 Bxc3+ 7. bxc3 h6 8. e3 Nbd7 9. Bd3 O-O 10. O-O Qc7 11. cxd5 exd5 12. c4 1/2-1/2

[Event "NB2 Toth Laszlo csoport"]
[Site "Kecskemet"]
[Date "2024.12.15"]
[Round "4.10"]
[White "Torok, Borbala"]
[Black "Radics, Laszlo"]
[Result "0-1"]
[WhiteElo "1847"]
[BlackElo "1875"]
[PlyCount "50"]
[GameId "2123405485438979"]
[EventDate "2024.11.03"]
[EventType "team-tourn"]
[EventRounds "9"]
[EventCountry "HUN"]
[Source "chess.hu"]
[WhiteTeam "TAKISZ SE"]
[BlackTeam "Bekesi TE"]
[WhiteTeamCountry "HUN"]
[BlackTeamCountry "HUN"]

1. d4 e6 2. c4 d5 3. Nc3 Nf6 4. Bg5 Be7 5. e3 O-O 6. Nf3 h6 7. Bh4 c6 8. Be2 a5 9. a3 dxc4 10. Bxc4 b5 11. Bd3 Ba6 12. O-O b4 13. Bxa6 bxc3 14. Bb7 Ra7 15. Qb3 Qc7 16. Bxc6 Nxc6 17. bxc3 Ne4 18. Bxe7 Nxe7 19. Rfc1 Rb7 20. Qc2 Nf6 21. Rab1 Rfb8 22. Rxb7 Qxb7 23. h3 Qb2 24. a4 Qxc2 25. Rxc2 Rb1+ 0-1

[Event "NB2 Toth Laszlo csoport"]
[Site "Kecskemet"]
[Date "2024.12.15"]
[Round "4.11"]
[White "Kovacs, Gergo Patrik"]
[Black "Horvath, Sandor"]
[Result "1-0"]
[WhiteElo "1759"]
[BlackElo "1817"]
[PlyCount "66"]
[GameId "2123405530798099"]
[EventDate "2024.11.03"]
[EventType "team-tourn"]
[EventRounds "9"]
[EventCountry "HUN"]
[Source "chess.hu"]
[WhiteTeam "Bekesi TE"]
[BlackTeam "TAKISZ SE"]
[WhiteTeamCountry "HUN"]
[BlackTeamCountry "HUN"]

1. c4 Nf6 2. Nc3 g6 3. d4 Bg7 4. Nf3 d6 5. Bg5 O-O 6. e3 b6 7. Be2 Bb7 8. O-O Nbd7 9. Rc1 Rc8 10. a3 Ne4 11. Nxe4 Bxe4 12. Nd2 Bb7 13. Bf3 Bxf3 14. Nxf3 c5 15. b3 Nf6 16. Re1 Ne4 17. Bf4 Nf6 18. d5 Nh5 19. Bg5 h6 20. Bh4 g5 21. Bg3 Nxg3 22. hxg3 Bb2 23. Rb1 Bxa3 24. e4 a5 25. Nh2 f5 26. Qh5 Kg7 27. exf5 Qe8 28. Qh3 Bb4 29. Re2 Bc3 30. Ng4 h5 31. Re6 Rxf5 32. Ne3 Rf6 33. Nf5+ Kh7 1-0

[Event "NB2 Toth Laszlo csoport"]
[Site "Kecskemet"]
[Date "2024.12.15"]
[Round "4.12"]
[White "Galfi, Levente"]
[Black "Szabo, Mate"]
[Result "1-0"]
[WhiteElo "1648"]
[BlackElo "1433"]
[PlyCount "67"]
[GameId "2123405566007331"]
[EventDate "2024.11.03"]
[EventType "team-tourn"]
[EventRounds "9"]
[EventCountry "HUN"]
[Source "chess.hu"]
[WhiteTeam "TAKISZ SE"]
[BlackTeam "Bekesi TE"]
[WhiteTeamCountry "HUN"]
[BlackTeamCountry "HUN"]

1. d4 d5 2. Nf3 Nf6 3. c4 e6 4. Bg5 h6 5. Bh4 Be7 6. Nc3 Nc6 7. e3 O-O 8. Bd3 b6 9. O-O Bb7 10. Bxf6 Bxf6 11. cxd5 exd5 12. a3 Rc8 13. Bf5 Ra8 14. Rc1 Ne7 15. Bd3 c5 16. dxc5 bxc5 17. b4 d4 18. Ne4 cxb4 19. Nxf6+ gxf6 20. Nxd4 bxa3 21. Qg4+ Kh8 22. Qh5 Ng6 23. Qxh6+ Kg8 24. Bxg6 fxg6 25. Qxg6+ Kh8 26. Ne6 Qd7 27. Rc7 Rf7 28. Rxd7 Rxd7 29. Qxf6+ Kg8 30. Nc5 Rf7 31. Qc3 a2 32. Nxb7 Rxb7 33. Qc4+ Kh8 34. Qxa2 1-0

[Event "NB2 Toth Laszlo csoport"]
[Site "Oroshaza"]
[Date "2024.12.15"]
[Round "4.1"]
[White "Tapodi, Norman Lajos"]
[Black "Gyori, Szabolcs"]
[Result "1/2-1/2"]
[WhiteElo "2066"]
[BlackElo "2105"]
[PlyCount "30"]
[GameId "2124447455702787"]
[EventDate "2024.11.03"]
[EventType "team-tourn"]
[EventRounds "9"]
[EventCountry "HUN"]
[Source "chess.hu"]
[WhiteTeam "Meritum Egyesulet"]
[BlackTeam "Oroshazi SE"]
[WhiteTeamCountry "HUN"]
[BlackTeamCountry "HUN"]

1. d4 Nf6 2. c4 d6 3. Nc3 e5 4. d5 g6 5. e4 Bg7 6. f3 O-O 7. Be3 Nh5 8. Qd2 f5 9. O-O-O f4 10. Bf2 a5 11. Nge2 b6 12. Kb1 Nd7 13. b3 Nc5 14. Nb5 Bd7 15. Nec3 Rf7 1/2-1/2

[Event "NB2 Toth Laszlo csoport"]
[Site "Oroshaza"]
[Date "2024.12.15"]
[Round "4.2"]
[White "Kunos, Zoltan"]
[Black "Retkes, Peter"]
[Result "1-0"]
[WhiteElo "2045"]
[BlackElo "2126"]
[PlyCount "105"]
[GameId "2124447502724883"]
[EventDate "2024.11.03"]
[EventType "team-tourn"]
[EventRounds "9"]
[EventCountry "HUN"]
[Source "chess.hu"]
[WhiteTeam "Oroshazi SE"]
[BlackTeam "Meritum Egyesulet"]
[WhiteTeamCountry "HUN"]
[BlackTeamCountry "HUN"]

1. d4 Nf6 2. Nc3 e6 3. e4 d5 4. Bg5 Bb4 5. e5 h6 6. exf6 hxg5 7. fxg7 Rg8 8. Qd3 Qf6 9. Nf3 a6 10. a3 Bd6 11. Qe3 Be7 12. h4 gxh4 13. Rxh4 Qxg7 14. Rh1 Nd7 15. O-O-O b6 16. Kb1 Bb7 17. Na2 c5 18. c3 O-O-O 19. Bd3 Qf8 20. g3 c4 21. Bc2 Rh8 22. Ne5 Nxe5 23. Qxe5 Rh6 24. f4 Qh8 25. Rxh6 Qxh6 26. Nc1 Bd6 27. Qe3 Rg8 28. Ne2 Bc6 29. Qf3 Rh8 30. Rg1 b5 31. g4 a5 32. g5 Qh5 33. Qe3 Qh3 34. Ng3 Rg8 35. g6 fxg6 36. Rh1 Qg4 37. Bd1 Qxf4 38. Qxe6+ Kb7 39. Qxg8 Qxg3 40. Bc2 g5 41. Bf5 b4 42. axb4 axb4 43. cxb4 Qf4 44. Qe6 Qf3 45. Rh3 Qd1+ 46. Ka2 Bxb4 47. Qc8+ Kb6 48. Qb8+ Ka5 49. Qa7+ Kb5 50. Bd7 c3 51. Qb7+ Ka5 52. Qxc6 cxb2 53. Qb5# 1-0

[Event "NB2 Toth Laszlo csoport"]
[Site "Oroshaza"]
[Date "2024.12.15"]
[Round "4.3"]
[White "Vadkerti, Vince"]
[Black "Kakuk, Sandor"]
[Result "1/2-1/2"]
[WhiteElo "2115"]
[BlackElo "2018"]
[PlyCount "45"]
[GameId "2124447815757603"]
[EventDate "2024.11.03"]
[EventType "team-tourn"]
[EventRounds "9"]
[EventCountry "HUN"]
[Source "chess.hu"]
[WhiteTeam "Meritum Egyesulet"]
[BlackTeam "Oroshazi SE"]
[WhiteTeamCountry "HUN"]
[BlackTeamCountry "HUN"]

1. e4 c5 2. c3 e6 3. d4 d5 4. exd5 Qxd5 5. Nf3 Nc6 6. Na3 Bd7 7. Be3 cxd4 8. Nb5 Rc8 9. Nbxd4 a6 10. Qb3 Qxb3 11. axb3 Nf6 12. b4 Nd5 13. Bd2 Bd6 14. Nb3 Ne5 15. Nxe5 Bxe5 16. Na5 Rc7 17. g3 O-O 18. Bg2 Bb5 19. f4 Bd6 20. Kf2 Rd8 21. Rhd1 b6 22. Nb3 Bc4 23. Nc1 1/2-1/2

[Event "NB2 Toth Laszlo csoport"]
[Site "Oroshaza"]
[Date "2024.12.15"]
[Round "4.4"]
[White "Bacsi, Kristof"]
[Black "Havasi, Gergely Bulcsu"]
[Result "1/2-1/2"]
[WhiteElo "1938"]
[BlackElo "1874"]
[PlyCount "33"]
[GameId "2124447850479411"]
[EventDate "2024.11.03"]
[EventType "team-tourn"]
[EventRounds "9"]
[EventCountry "HUN"]
[Source "chess.hu"]
[WhiteTeam "Oroshazi SE"]
[BlackTeam "Meritum Egyesulet"]
[WhiteTeamCountry "HUN"]
[BlackTeamCountry "HUN"]

1. d4 Nf6 2. Nf3 d5 3. c4 e6 4. Nc3 Be7 5. e3 O-O 6. Bd3 c5 7. O-O Nc6 8. b3 b6 9. Bb2 Bb7 10. cxd5 exd5 11. Rc1 cxd4 12. exd4 Re8 13. Re1 Bd6 14. Rxe8+ Qxe8 15. Rc2 Qd7 16. Re2 Re8 17. Bb5 1/2-1/2

[Event "NB2 Toth Laszlo csoport"]
[Site "Oroshaza"]
[Date "2024.12.15"]
[Round "4.5"]
[White "Retkes, Sandor"]
[Black "Monus, Zoltan"]
[Result "0-1"]
[WhiteElo "1953"]
[BlackElo "1926"]
[PlyCount "96"]
[GameId "2124447891836739"]
[EventDate "2024.11.03"]
[EventType "team-tourn"]
[EventRounds "9"]
[EventCountry "HUN"]
[Source "chess.hu"]
[WhiteTeam "Meritum Egyesulet"]
[BlackTeam "Oroshazi SE"]
[WhiteTeamCountry "HUN"]
[BlackTeamCountry "HUN"]

1. d4 d6 2. Bf4 g6 3. e3 Bg7 4. Nf3 c5 5. c3 cxd4 6. exd4 Nf6 7. Nbd2 O-O 8. h3 Nc6 9. Be2 Nd5 10. Bg5 h6 11. Bh4 Nf4 12. O-O Qc7 13. Bg3 e5 14. Bxf4 exf4 15. Re1 d5 16. Bd3 g5 17. Nh2 f5 18. Qf3 Qd6 19. Nb3 b6 20. Rad1 Bd7 21. Re2 Rae8 22. Rde1 Rxe2 23. Rxe2 Ne7 24. c4 dxc4 25. Bxc4+ Kh8 26. Qd3 g4 27. h4 h5 28. Bb5 Ng6 29. Bxd7 Qxd7 30. d5 f3 31. Rc2 Nf4 32. Qc4 Nxg2 33. Qc6 Qe7 34. Qe6 Qxe6 35. dxe6 Re8 36. Rc7 Rxe6 37. Rxa7 Bxb2 38. Nf1 Re1 39. Rb7 Nf4 40. Rb8+ Kg7 41. Rb7+ Kf8 42. Nbd2 Nh3+ 43. Kh2 Nxf2 44. Kg3 Nd3 45. Kh2 Be5+ 46. Kh1 Nf2+ 47. Kg1 Nh3+ 48. Kh1 Bf4 0-1

[Event "NB2 Toth Laszlo csoport"]
[Site "Oroshaza"]
[Date "2024.12.15"]
[Round "4.6"]
[White "Biro, Istvan"]
[Black "Havasi, Mate Pal"]
[Result "1-0"]
[WhiteElo "1994"]
[BlackElo "1803"]
[PlyCount "101"]
[GameId "2124447935545171"]
[EventDate "2024.11.03"]
[EventType "team-tourn"]
[EventRounds "9"]
[EventCountry "HUN"]
[Source "chess.hu"]
[WhiteTeam "Oroshazi SE"]
[BlackTeam "Meritum Egyesulet"]
[WhiteTeamCountry "HUN"]
[BlackTeamCountry "HUN"]

1. d4 e6 2. c4 d5 3. Nc3 Nf6 4. cxd5 exd5 5. Bg5 Be7 6. e3 Bf5 7. Qb3 Qc8 8. Bxf6 Bxf6 9. Nxd5 Bg5 10. Nf3 Bh6 11. Be2 c6 12. Nc3 O-O 13. O-O g6 14. Rac1 Bg7 15. Rfd1 Nd7 16. Nh4 Be6 17. Bc4 Bxc4 18. Qxc4 Nb6 19. Qb3 Qg4 20. Nf3 Rad8 21. a4 Rd7 22. a5 Nc8 23. Na4 Re7 24. a6 b5 25. Nc5 Nb6 26. Nd3 Qc8 27. Nb4 Rc7 28. Rc2 Re8 29. Rdc1 Nc4 30. Qa2 Bf8 31. Nd3 Bd6 32. Nd2 Nb6 33. Nf3 Nc4 34. Nd2 Nb6 35. b3 Nd5 36. Qa1 Rd8 37. Ne4 Qe6 38. Nxd6 Rxd6 39. Qa5 Qc8 40. Rc5 f6 41. g3 Kg7 42. e4 Nb6 43. d5 Na8 44. Nf4 Kf7 45. Ne6 Rxe6 46. dxe6+ Qxe6 47. Qc3 Qxe4 48. Rxc6 Rxc6 49. Qxc6 Qxc6 50. Rxc6 f5 51. Rc8 1-0

[Event "NB2 Toth Laszlo csoport"]
[Site "Oroshaza"]
[Date "2024.12.15"]
[Round "4.7"]
[White "Bodicsi, Barna"]
[Black "Kulcsar, Jozsef"]
[Result "1-0"]
[WhiteElo "1764"]
[BlackElo "1959"]
[PlyCount "63"]
[GameId "2124447978643301"]
[EventDate "2024.11.03"]
[EventType "team-tourn"]
[EventRounds "9"]
[EventCountry "HUN"]
[Source "chess.hu"]
[WhiteTeam "Meritum Egyesulet"]
[BlackTeam "Oroshazi SE"]
[WhiteTeamCountry "HUN"]
[BlackTeamCountry "HUN"]

1. e4 c6 2. d4 d5 3. e5 Bf5 4. h4 h5 5. Bd3 Bxd3 6. Qxd3 Qa5+ 7. Bd2 Qa6 8. Qf3 e6 9. Nh3 Ne7 10. Ng5 Nf5 11. Nc3 Qc4 12. Ne2 Qxc2 13. Ng3 g6 14. Nxf5 gxf5 15. Bc3 c5 16. O-O cxd4 17. Bxd4 Nc6 18. Bc3 Bg7 19. Rfe1 d4 20. Bxd4 Nxd4 21. Qxb7 Qc6 22. Qxf7+ Kd8 23. Qxg7 Re8 24. Red1 Qd5 25. Rac1 Re7 26. Qf6 Ke8 27. Qg6+ Kf8 28. Nh7+ Rxh7 29. Qxh7 Qxe5 30. Rc7 Qf6 31. Rxd4 Qxd4 32. Qf7# 1-0

[Event "NB2 Toth Laszlo csoport"]
[Site "Oroshaza"]
[Date "2024.12.15"]
[Round "4.8"]
[White "Berta, Gergely"]
[Black "Fabian, Istvan"]
[Result "1-0"]
[WhiteElo "1991"]
[BlackElo "1805"]
[PlyCount "81"]
[GameId "2124448011485045"]
[EventDate "2024.11.03"]
[EventType "team-tourn"]
[EventRounds "9"]
[EventCountry "HUN"]
[Source "chess.hu"]
[WhiteTeam "Oroshazi SE"]
[BlackTeam "Meritum Egyesulet"]
[WhiteTeamCountry "HUN"]
[BlackTeamCountry "HUN"]

1. e4 g6 2. d4 d6 3. Bc4 Nf6 4. Nc3 Bg7 5. Nge2 c6 6. a3 b5 7. Bb3 Nbd7 8. f3 Nb6 9. Be3 Nc4 10. Bxc4 bxc4 11. d5 c5 12. Qd2 Qa5 13. Bh6 Bxh6 14. Qxh6 Rb8 15. Rb1 Bd7 16. O-O Kd8 17. Qf4 Nh5 18. Qh4 Nf6 19. e5 Ne8 20. Ne4 dxe5 21. d6 f6 22. N2c3 g5 23. dxe7+ Kxe7 24. Qh6 Bc6 25. Rfd1 Rg8 26. Nd5+ Bxd5 27. Rxd5 Rd8 28. Nc3 Rxd5 29. Nxd5+ Ke6 30. Qxh7 Rg7 31. Qe4 Qd2 32. Ne3 Qd7 33. Rd1 Qc7 34. Qf5+ Kf7 35. Rd7+ Qxd7 36. Qxd7+ Kf8 37. Qd8 Kf7 38. Nxc4 Rg8 39. Nd6+ Nxd6 40. Qxd6 Kg7 41. Qxc5 1-0

[Event "NB2 Toth Laszlo csoport"]
[Site "Oroshaza"]
[Date "2024.12.15"]
[Round "4.9"]
[White "Karman, Gergely"]
[Black "Bogdany, Gabor"]
[Result "1-0"]
[WhiteElo "1891"]
[BlackElo "1946"]
[PlyCount "65"]
[GameId "2124448048594821"]
[EventDate "2024.11.03"]
[EventType "team-tourn"]
[EventRounds "9"]
[EventCountry "HUN"]
[Source "chess.hu"]
[WhiteTeam "Meritum Egyesulet"]
[BlackTeam "Oroshazi SE"]
[WhiteTeamCountry "HUN"]
[BlackTeamCountry "HUN"]

1. e4 e5 2. Nf3 Nc6 3. Bc4 Nf6 4. d3 Be7 5. O-O O-O 6. Nc3 d6 7. h3 Na5 8. Bb3 Nxb3 9. axb3 c5 10. Bg5 Be6 11. Nd2 Nd7 12. Be3 f5 13. f4 exf4 14. Bxf4 g5 15. exf5 Rxf5 16. Qe2 Bf7 17. Bg3 Rxf1+ 18. Rxf1 Nf6 19. Re1 Bf8 20. Nde4 Nh5 21. Qf3 Nxg3 22. Qxg3 h6 23. Rf1 Be7 24. Qf3 Qe8 25. Nf6+ Bxf6 26. Qxf6 Qe6 27. Ne4 Qxf6 28. Rxf6 d5 29. Nxc5 b6 30. Nd7 Rd8 31. Ne5 Re8 32. Nxf7 Kg7 33. Rf2 1-0

[Event "NB2 Toth Laszlo csoport"]
[Site "Oroshaza"]
[Date "2024.12.15"]
[Round "4.10"]
[White "Czombos, Oliver"]
[Black "Vad, Roland Tibor"]
[Result "1-0"]
[WhiteElo "1833"]
[BlackElo "1800"]
[PlyCount "123"]
[GameId "2124448082575253"]
[EventDate "2024.11.03"]
[EventType "team-tourn"]
[EventRounds "9"]
[EventCountry "HUN"]
[Source "chess.hu"]
[WhiteTeam "Oroshazi SE"]
[BlackTeam "Meritum Egyesulet"]
[WhiteTeamCountry "HUN"]
[BlackTeamCountry "HUN"]

1. e4 c5 2. Nc3 d6 3. g3 Nc6 4. Bg2 Nf6 5. d3 g6 6. f4 Bg4 7. Nf3 Nd4 8. h3 Bxf3 9. Bxf3 Nxf3+ 10. Qxf3 Qc8 11. g4 Bg7 12. O-O O-O 13. f5 Nd7 14. Nd5 Qd8 15. Rb1 Ne5 16. Qg2 b5 17. b3 a5 18. Bb2 b4 19. Kh1 a4 20. d4 cxd4 21. Bxd4 axb3 22. axb3 Nc6 23. Bxg7 Kxg7 24. Qf2 f6 25. Nf4 Qc8 26. Ne6+ Kf7 27. Nxf8 Kxf8 28. Ra1 Ne5 29. Qe2 Rxa1 30. Rxa1 Qc3 31. Ra8+ Kg7 32. Kg2 Nc6 33. Rc8 Qc5 34. Qc4 Qxc4 35. bxc4 Nd4 36. c5 dxc5 37. Rxc5 b3 38. cxb3 Nxb3 39. Rc7 Kf7 40. Kg3 g5 41. Kf2 Nd2 42. Ke3 Nb1 43. Kd3 Na3 44. Rb7 Ke8 45. Rb4 Kd7 46. Kc3 Kc6 47. Rb8 Nb5+ 48. Kd3 Nd6 49. Rh8 Nf7 50. Rxh7 Ne5+ 51. Kd4 Kd6 52. Ke3 Kd7 53. Rh8 Kd6 54. Rd8+ Nd7 55. Kd4 Kc7 56. Rh8 Kd6 57. Ra8 Ne5 58. Ra6+ Nc6+ 59. Rxc6+ Kxc6 60. e5 Kc7 61. exf6 exf6 62. Kc5 1-0

[Event "NB2 Toth Laszlo csoport"]
[Site "Oroshaza"]
[Date "2024.12.15"]
[Round "4.11"]
[White "Havasi, Huba Laszlo"]
[Black "Safran, Istvan"]
[Result "1/2-1/2"]
[WhiteElo "1806"]
[BlackElo "1870"]
[PlyCount "88"]
[GameId "2124448114438053"]
[EventDate "2024.11.03"]
[EventType "team-tourn"]
[EventRounds "9"]
[EventCountry "HUN"]
[Source "chess.hu"]
[WhiteTeam "Meritum Egyesulet"]
[BlackTeam "Oroshazi SE"]
[WhiteTeamCountry "HUN"]
[BlackTeamCountry "HUN"]

1. e4 e6 2. Nc3 d5 3. d4 Bb4 4. exd5 exd5 5. Bd2 c6 6. g3 Bf5 7. Bg2 Nf6 8. Qe2+ Kd7 9. O-O-O Re8 10. Qf1 Kc8 11. f4 Ng4 12. Bh3 h5 13. Nf3 f6 14. Nh4 Qd7 15. Re1 Rg8 16. Kb1 Na6 17. a3 Bd6 18. Qf3 Nc7 19. Bg2 g6 20. Nd1 Be4 21. Qf1 f5 22. Nf2 Nf6 23. Nd3 Bxd3 24. Qxd3 Ne4 25. Rhf1 b5 26. Nf3 Kb7 27. Ne5 Bxe5 28. dxe5 Rg7 29. Bc3 Ne6 30. Rd1 Rf7 31. Bb4 a5 32. Be1 Qc7 33. Bf2 a4 34. h4 Qa5 35. Be1 Qa7 36. Bxe4 fxe4 37. Qd2 Nd4 38. Qe3 Nf5 39. Qxa7+ Kxa7 40. Rg1 Nh6 41. Bf2+ Kb7 42. Bc5 Re8 43. Kc1 Kc7 44. Kd2 Kd7 1/2-1/2

[Event "NB2 Toth Laszlo csoport"]
[Site "Oroshaza"]
[Date "2024.12.15"]
[Round "4.12"]
[White "Vaczi, Sandor"]
[Black "Vadkerti, Bori"]
[Result "0-1"]
[WhiteElo "1830"]
[BlackElo "1614"]
[PlyCount "108"]
[GameId "2124448146161589"]
[EventDate "2024.11.03"]
[EventType "team-tourn"]
[EventRounds "9"]
[EventCountry "HUN"]
[Source "chess.hu"]
[WhiteTeam "Oroshazi SE"]
[BlackTeam "Meritum Egyesulet"]
[WhiteTeamCountry "HUN"]
[BlackTeamCountry "HUN"]

1. d4 Nf6 2. c4 g6 3. Nc3 Bg7 4. e4 d6 5. Be2 O-O 6. Nf3 Nbd7 7. O-O e5 8. h3 Ne8 9. Bg5 f6 10. Be3 f5 11. Bg5 Nef6 12. dxe5 dxe5 13. exf5 gxf5 14. Qd2 Qe8 15. Nb5 Qd8 16. Rfd1 a6 17. Nc3 Qe8 18. Kf1 Nc5 19. Bxf6 Bxf6 20. Qd5+ Ne6 21. Nxe5 c6 22. Qd6 Nf4 23. Nd7 Bxd7 24. Qxf4 Be5 25. Qd2 Rd8 26. Rac1 f4 27. b3 Qe7 28. Qe1 f3 29. Bxf3 Rxf3 30. Ne2 Rf7 31. Rd3 Rdf8 32. f3 Rg7 33. Qf2 Bf5 34. Rd2 Rd8 35. Rcd1 Rxd2 36. Rxd2 Qc7 37. g4 Bg6 38. f4 Bxf4 39. Nxf4 Rf7 40. Ne6 Rxf2+ 41. Rxf2 Bd3+ 42. Kg2 Qe7 43. Rf8+ Qxf8 44. Nxf8 Kxf8 45. c5 Be4+ 46. Kg3 Kg7 47. Kf4 Bg2 48. h4 Kf6 49. b4 Ke6 50. g5 Kd5 51. Kf5 Be4+ 52. Kf6 Kc4 53. Ke5 Bg6 54. a3 Kb3 0-1